Modelling and simulation 2001 : 15th European simulation multiconfernce : Konf. ESM2001, Prague, Czech Republic. 6.- 9. June 2001 /

Gespeichert in:
Bibliographische Detailangaben
Weitere Verfasser: Kerckhoffs, Eugene J.H (Zusammenstellung), Snorek, Miroslav (Zusammenstellung)
Format: Buch
Sprache:Englisch
Veröffentlicht: Ghent : Society for Computer Simulation International, 2001
Schlagworte:
Tags: Tag hinzufügen
Keine Tags, Fügen Sie das erste Tag hinzu!

MARC

LEADER 00000nam a22000003a 4500
001 stu61398
005 20150617225650.8
008 011010s2001----be------------------eng-d
020 |a 1-56555-225-3 
040 |a STU  |b slo 
041 0 |a eng 
044 |a be 
080 |a 519.876.5 
080 |a 681.39  |7 1000602058 
080 |a 519.711.3 
080 |a 061.3(08) 
100 1 |a Kerckhoffs, Eugene J.H  |4 com 
245 1 |a Modelling and simulation 2001 :  |b 15th European simulation multiconfernce : Konf. ESM2001, Prague, Czech Republic. 6.- 9. June 2001 /  |c Edit. Kerckhoffs, E.J.H; Snorek, M 
260 |a Ghent :  |b Society for Computer Simulation International,  |c 2001 
300 |a 1056 s 
650 7 |a modelovanie systémov  |2 stusub 
650 7 |a simulácia systémov  |2 stusub 
650 7 |a Simulátory  |2 stusub 
700 1 |a Snorek, Miroslav  |4 com 
996 |c I*Z7129  |l I  |s A  |a 24  |w stu61398_0001